000 00544nam a2200193 i 4500
001 112339
003 ES-MaACL
005 20251003063118.0
007 t|
008 061121s1957 sp r ||||1| spa d
100 1 _aEspinalt, Carles M.,
_d1920-1993
_984412
245 1 0 _aTipos humanos /
_cCarlos Muñoz Espinalt.
250 _a[1ª ed.].
260 _aBarcelona :
_bToray,
_c1957.
300 _a123 p. :
_bil ;
_c19 cm.
650 0 7 _aCarácter
_2embne
_910773
852 _aES-MaACL
_jC-12907
_bR.41070
999 _c112339
_d112339